| 000 | 00366pab a2200145 454500 | ||
|---|---|---|---|
| 008 | 180718b1989 xxu||||| |||| 00| 0 eng d | ||
| 100 | _aChandra, Nirmal Kumar | ||
| 245 |
_aCrisis in China _bEnd of socialism |
||
| 260 | _c1989 | ||
| 300 | _a2551-62 | ||
| 362 | _a18 Nov. | ||
| 650 | _aSocialism - China | ||
| 773 | _aEconomic and Political Weekly | ||
| 909 | _a18851 | ||
| 999 |
_c18851 _d18851 |
||